00337 2200145 4500001002100000005001500021035002000036245004400056100001500100300001100115260003100126082000800157084001400165990001200179INLIS00000000000212820250527111929 a0010-05250004201 aPelukis Pemula Cat Minyak /cUnda Berch0 aUnda Berch a96 hlm aJakarta :bErlangga,c2001 a700 a700 UND p a0713131